| 000 | 00611cab a2200241 4500 | ||
|---|---|---|---|
| 001 | ABS60507 | ||
| 008 | 090401t1999 xxu||||| |||| 00| 0 eng d | ||
| 035 | _a(Sirsi) u92838 | ||
| 041 | _aeng | ||
| 100 | _aNordberg, D. | ||
| 245 | _aUK government points firms towards the web | ||
| 260 | _c1999 | ||
| 350 | _a0 | ||
| 490 |
_aNet Profit _vApril 1999, 14(1) |
||
| 650 | _aCOMMUNICATIONS TECHNOLOGY | ||
| 650 | _aCOMPANIES | ||
| 650 | _aDETR | ||
| 650 | _aGREEN PAPERS | ||
| 650 | _aINTERNET | ||
| 690 | _aMANAGEMENT-BUSINESS MANAGEMENT-INFORMATION MANAGEMENT | ||
| 942 | _n0 | ||
| 948 | _c20/04/1999 | ||
| 999 |
_c58843 _d58843 |
||